000 00329nam a22001337a 4500
008 181217b xxu||||| |||| 00| 0 eng d
020 _a9780060930141
041 _aeng
080 _a159.9
100 _a48
101 _apsi
245 _aChoise Theory A New Psychology Of Perosnal Freedom
_cWilliam.C
942 _2udc
_cBK
999 _c53133
_d53133